| 000 | 00691nam a2200265Ia 4500 | ||
|---|---|---|---|
| 005 | 20250425162613.0 | ||
| 008 | 250425s9999 xx 000 0 und d | ||
| 020 | _a9786074500554 | ||
| 041 | _aspa | ||
| 043 | _amx | ||
| 082 | _a338.4791 | ||
| 100 | _aARNAIZ BURNE, STELLA MARIS | ||
| 245 | 0 | _aGEOPOLITICA, RECURSOS NATURALES Y TURISMO: UNA HISTORIA DEL CARIBE MEXICANO | |
| 250 | _a1A ED. | ||
| 260 |
_aMéxico _bUNIVERSIDAD DE GUADALAJARA _c2009 |
||
| 260 | _aPUERTO VALLARTA | ||
| 300 | _a558 | ||
| 650 | _aGEOPOLITICA | ||
| 650 | _aMEXICO | ||
| 650 | _aRECURSOS NATURALES | ||
| 650 | _aTURISMO | ||
| 700 | _aDACHARY, ALFREDO CESAR | ||
| 942 | _c01 | ||
| 010 | _a89920 | ||
| 999 |
_c232651 _d232651 |
||